000 00593nam a2200193Ia 4500
005 20250326145215.0
008 250326s9999 xx 000 0 und d
037 _aTextbook
040 _aFMSL
_beng
_cFMSL
041 _aeng
_2eng
084 _aX:8obS Q1
_qFMSL
100 _aJayakumar K
_9750837
245 0 _aDynamics of organizational transformation and executing change
_cJayakumar K
260 _aNew Delhi
_bNew Delhi, Concil of Scientific & Industrial Research
_c2011
365 _b600
650 _aManagement
942 _cTB
_hX:8obS Q1
999 _c1306752
_d1306752